Entry Personal Name
Number of records used in: 220
001 - CONTROL NUMBER
003 - CONTROL NUMBER IDENTIFIER
005 - DATE AND TIME OF LATEST TRANSACTION
- control field:
20210305100734.0
008 - FIXED-LENGTH DATA ELEMENTS
- fixed length control field:
210305|| aca||aabn | a|a d
040 ## - CATALOGING SOURCE
- Original cataloging agency:
OSt
- Transcribing agency:
OSt
100 ## - HEADING--PERSONAL NAME
- Personal name:
AIYAR, A.N.
670 ## - SOURCE DATA FOUND
- Source citation:
Work cat.: (OSt): AIYAR, A.N., REPORTS OF COMPANY CASES: INCLUDING CASES ON BANKING AND INSURENCE [VOL- I ] , 1931